Caracterización morfólogica del chile cascabelillo de la sierra gorda de Querétaro/ (Record no. 220697)
[ view plain ]
| 000 -CABECERA | |
|---|---|
| campo de control de longitud fija | 02930nam a2200337 a 4500 |
| 003 - IDENTIFICADOR DEL NÚMERO DE CONTROL | |
| campo de control | OSt |
| 005 - FECHA Y HORA DE LA ÚLTIMA TRANSACCIÓN | |
| campo de control | 20250812135117.0 |
| 007 - CAMPO FIJO DE DESCRIPCIÓN FÍSICA--INFORMACIÓN GENERAL | |
| campo de control de longitud fija | cr ||||||a|a|a |
| 008 - DATOS DE LONGITUD FIJA--INFORMACIÓN GENERAL | |
| campo de control de longitud fija | 250626s2025 mx a|||fom||| 001 0 spa d |
| 040 ## - FUENTE DE LA CATALOGACIÓN | |
| Normas de descripción | rda |
| 100 1# - ENTRADA PRINCIPAL--NOMBRE DE PERSONA | |
| Nombre de persona | Hernández Hernández, Cudberto |
| 9 (RLIN) | 190546 |
| 245 10 - MENCIÓN DE TÍTULO | |
| Título | Caracterización morfólogica del chile cascabelillo de la sierra gorda de Querétaro/ |
| Mención de responsabilidad, etc. | por Cudberto Hernández Hernández; director de tesis Natael Magaña Lira; secretario Esaú del Carmen Moreno Pérez; vocal Mario Pérez Grajales; suplente Tranquilino de Jesús Prado; suplente César Augusto Barrera Irigoyen |
| 264 #1 - PRODUCCIÓN, PUBLICACIÓN, DISTRIBUCIÓN, FABRICACIÓN Y COPYRIGHT | |
| Producción, publicación, distribución, fabricación y copyright | Chapingo, México : |
| Nombre del de productor, editor, distribuidor, fabricante | El autor, |
| Fecha de producción, publicación, distribución, fabricación o copyright | 2024. |
| 300 ## - DESCRIPCIÓN FÍSICA | |
| Extensión | 1 recurso en línea (34 páginas): |
| Otras características físicas | cuadros, figuras. |
| 336 ## - TIPO DE CONTENIDO | |
| Fuente | rdacontent |
| Término de tipo de contenido | texto |
| Código de tipo de contenido | txt |
| 337 ## - TIPO DE MEDIO | |
| Fuente | rdamedia |
| Nombre/término del tipo de medio | computadora |
| Código del tipo de medio | c |
| 338 ## - TIPO DE SOPORTE | |
| Fuente | rdacarrier |
| Nombre/término del tipo de soporte | recurso en línea |
| Código del tipo de soporte | cr |
| 502 ## - NOTA DE TESIS | |
| Tipo de título | Agrónomo en Horticultura Protegida |
| Nombre de la institución que otorga el título | Departamento de Enseñanza, Investigación y Servicio en Fitotecnia, |
| Año de obtención del título | 2024. |
| Información miscelánea | Licenciatura |
| 504 ## - NOTA DE BIBLIOGRAFÍA, ETC. | |
| Nota de bibliografía, etc. | Incluye referencias bibliográficas: páginas 25-28. |
| 520 ## - SUMARIO, ETC. | |
| Sumario, etc. | Desde hace mucho tiempo el chile ha sido un alimento importante en la dieta de los mexicanos, lo que ha posicionado a México como uno de los mayores productores a nivel mundial. La gran diversidad que se tiene en el país (64 tipos de chile) da lugar a chiles poco conocidos y explotados, pero que en su región de origen son de gran relevancia, como lo son algunos chiles semidomesticados. Tal es el caso del chile cascabelillo, el cual es un cultivo poco distribuido, pero muy conocido y valorado en la Sierra Gorda de Querétaro. Debido a lo anterior, se estableció un ciclo de cultivo de este tipo de chile en invernadero, con la finalidad de realizar una caracterización morfológica haciendo uso de la Guía de la UPOV “Directrices para la ejecución del examen de la distinción, la homogeneidad y la estabilidad de ají, chile y pimiento”, y de este modo conocer su diversidad genética. Se evaluaron 47 características morfológicas, distribuidas en los distintos estados fenológicos y partes de la planta. Se encontraron y diferenciaron dos variedades dentro de lo que se conoce como chile cascabelillo. Ambas comparten similar tamaño del fruto, picor, color y sabor. Sin embargo, se lograron identificar 18 características que les permiten diferenciarse entre sí. |
| 650 #4 - PUNTO DE ACCESO ADICIONAL DE MATERIA--TÉRMINO DE MATERIA | |
| Término de materia o nombre geográfico como elemento de entrada | Chile (Botánica) |
| Subdivisión general | Variedades |
| Subdivisión geográfica | Querétaro |
| 9 (RLIN) | 190914 |
| 650 #4 - PUNTO DE ACCESO ADICIONAL DE MATERIA--TÉRMINO DE MATERIA | |
| Término de materia o nombre geográfico como elemento de entrada | Chile (Botánica) |
| Subdivisión general | Fisiología y morfología |
| 9 (RLIN) | 22360 |
| 650 #4 - PUNTO DE ACCESO ADICIONAL DE MATERIA--TÉRMINO DE MATERIA | |
| Término de materia o nombre geográfico como elemento de entrada | Chile (Botánica) |
| Subdivisión general | Genética |
| 9 (RLIN) | 22361 |
| 700 1# - PUNTO DE ACCESO ADICIONAL--NOMBRE DE PERSONA | |
| Nombre de persona | Magaña Lira, Natanael |
| Término indicativo de función/relación | director de tesis. |
| 9 (RLIN) | 69794 |
| 700 1# - PUNTO DE ACCESO ADICIONAL--NOMBRE DE PERSONA | |
| Nombre de persona | Moreno Pérez, Esau del Carmen |
| 9 (RLIN) | 78678 |
| Término indicativo de función/relación | secretario. |
| 700 1# - PUNTO DE ACCESO ADICIONAL--NOMBRE DE PERSONA | |
| Nombre de persona | Pérez Grajales, Mario |
| 9 (RLIN) | 89711 |
| Término indicativo de función/relación | vocal. |
| 700 1# - PUNTO DE ACCESO ADICIONAL--NOMBRE DE PERSONA | |
| Nombre de persona | Jesús Prado, Tranquilino de |
| 9 (RLIN) | 136000 |
| Término indicativo de función/relación | suplente. |
| 700 1# - PUNTO DE ACCESO ADICIONAL--NOMBRE DE PERSONA | |
| Nombre de persona | Barrera Irigoyen, César Augusto |
| Término indicativo de función/relación | suplente. |
| 9 (RLIN) | 135376 |
| 856 ## - LOCALIZACIÓN Y ACCESO ELECTRÓNICOS | |
| Identificador Uniforme del Recurso | http://10.13.5.2/tesis/tl/1911036-5_HERNANDEZ_HERNANDEZ_CUDBERTO.pdf |
| Nota pública | DESCARGAR PDF |
| 942 ## - ELEMENTOS DE PUNTO DE ACCESO ADICIONAL (KOHA) | |
| Fuente del sistema de clasificación o colocación | Clasificación Universidad Autónoma Chapingo |
| Tipo de ítem Koha | Tesis digital |
| Estado de retiro | Estado de pérdida | Fuente del sistema de clasificación o colocación | Estado dañado | Restricciones de uso | No para préstamo | Código de colección | Localización permanente | Ubicación/localización actual | Ubicación en estantería | Fecha de adquisición | Total de préstamos | Signatura topográfica completa | Fecha visto por última vez | Precio válido a partir de | Tipo de ítem Koha |
|---|---|---|---|---|---|---|---|---|---|---|---|---|---|---|---|
| Clasificación Universidad Autónoma de Chapingo | Préstamo interno | Tesis digitales de Licenciatura | Biblioteca Digital | Biblioteca Digital | En línea | 26/06/2025 | Tesis digital | 26/06/2025 | 26/06/2025 | Tesis digital |
